[Event "SVK-chT1W 1213"]
[Site "Slovakia"]
[Date "2013.03.24"]
[Round "11.7"]
[White "Mikova, Veronika"]
[Black "Ruckschloss, Karol"]
[Result "0-1"]
[WhiteElo "2043"]
[BlackElo "2242"]
[PlyCount "36"]
[EventDate "2012.10.20"]
[EventType "team-tourn"]
[EventRounds "11"]
[EventCountry "SVK"]
[SourceTitle "EXT 2015"]
[Source "ChessBase"]
[SourceDate "2014.11.20"]
[SourceVersion "1"]
[SourceVersionDate "2014.11.20"]
[SourceQuality "1"]
[WhiteTeam "Budmerice"]
[BlackTeam "Bratislava Slovan II"]
[WhiteTeamCountry "SVK"]
[BlackTeamCountry "SVK"]

1. e4 d6 2. d3 g6 3. g3 Bg7 4. Bg2 c5 5. Nf3 Nf6 6. 0-0 0-0 7. c3 Nc6 8. Nbd2 e5 9. Ne1 d5 10. f4 exf4 11. Rxf4 Be6 12. Qe2 Re8 13. Nc2 Qd7 14. Nb3 b6 15. Bd2 dxe4 16. dxe4 Rad8 17. Be3 Ne5 18. Rff1 Bc4 0-1

[Event "SVK-chT1W 1112"]
[Site "Slovakia"]
[Date "2011.10.15"]
[Round "1.7"]
[White "Berza, Stefan"]
[Black "Mikova, Veronika"]
[Result "1-0"]
[WhiteElo "2092"]
[BlackElo "2060"]
[PlyCount "119"]
[EventDate "2011.10.15"]
[EventType "team-tourn"]
[EventRounds "11"]
[EventCountry "SVK"]
[SourceTitle "EXT 2013"]
[Source "ChessBase"]
[SourceDate "2012.11.22"]
[SourceVersion "1"]
[SourceVersionDate "2012.11.22"]
[SourceQuality "1"]
[WhiteTeam "Komarno"]
[BlackTeam "Budmerice"]
[WhiteTeamCountry "SVK"]
[BlackTeamCountry "SVK"]

1. e4 e6 2. d4 d5 3. e5 c5 4. Qg4 cxd4 5. Bd3 Nc6 6. Nf3 Nge7 7. 0-0 Ng6 8. Re1 Qc7 9. Qg3 f5 10. c3 dxc3 11. Nxc3 Bb4 12. h4 0-0 13. a3 Be7 14. Qh2 Qd8 15. Bg5 h6 16. Bxe7 Ngxe7 17. Nb5 Bd7 18. Nd6 Qb6 19. b4 Nc8 20. b5 Nd4 21. Nxd4 Qxd4 22. Rad1 Qb6 23. Qf4 Nxd6 24. exd6 Rad8 25. Rc1 Bc8 26. Rc7 Qxd6 27. Qxd6 Rxd6 28. Rec1 Rdd8 29. f4 h5 30. a4 Kh7 31. a5 a6 32. b6 Kg6 33. Kf2 Kf6 34. g3 g6 35. Bb1 e5 36. fxe5+ Kxe5 37. Re1+ Kd6 38. Ree7 Rd7 39. Rexd7+ Bxd7 40. Rxb7 f4 41. Bd3 fxg3+ 42. Kxg3 d4 43. Bxa6 Rf5 44. Bd3 Rxa5 45. Ra7 Rc5 46. b7 Kc7 47. b8Q+ Kxb8 48. Rxd7 g5 49. hxg5 Rxg5+ 50. Kf4 Rg4+ 51. Ke5 h4 52. Rh7 Ka8 53. Be4+ Kb8 54. Kxd4 Rf4 55. Ke5 Rg4 56. Rb7+ Kc8 57. Rh7 Kd8 58. Bd5 Rg5+ 59. Kd6 Rg6+ 60. Be6 1-0